Informe
Guardat en:
| Format: | Text |
|---|---|
| Publicat: |
San José :
|
| Matèries: | |
| Etiquetes: |
Afegir etiqueta
Sense etiquetes, Sigues el primer a etiquetar aquest registre!
|
MARC
| LEADER | 00000 a a2200000 04500 | ||
|---|---|---|---|
| 001 | 10671 | ||
| 003 | |||
| 040 | |||
| 090 | |a 137000 | ||
| 245 | |a Informe | ||
| 260 | |a San José : | ||
| 300 | |a 134 p. | ||
| 300 | |b **no definido** | ||
| 650 | |a INFORMES | ||
| 650 | |a NIÑOS | ||
| 650 | |a TRABAJO DE MENORES | ||
| 650 | |a ENCUESTAS | ||
| 650 | |a INDICADORES SOCIALES | ||
| 650 | |a OIT | ||
| 650 | |a EDUCACION | ||
| 650 | |a LEGISLACION | ||
| 650 | |a TRABAJO | ||
| 999 | |c 4619 |d 4619 | ||
